Loading...
| Science - Biology | 9 | 1 | 0 | 0 | 145 | 15 | 55.40 | 10 | 10 | 0.00 | 0.00 |
| Science - Other | 2 | 8 | 1 | 1 | 105 | 45 | 91.30 | 5 | 10 | 0.00 | 0.00 |
| Science - Chemistry | 3 | 5 | 1 | 0 | 90 | 27 | 63.88 | 8 | 8 | 0.00 | 0.00 |
| Science - Physics | 3 | 4 | 1 | 0 | 80 | 42 | 64.14 | 7 | 7 | 0.00 | 0.00 |
| History - World | 2 | 3 | 1 | 1 | 55 | 44 | 90.00 | 3 | 5 | 0.00 | 0.00 |
| Social Science | 1 | 5 | 2 | 2 | 55 | 32 | 102.50 | 4 | 6 | 0.00 | 0.00 |
| Geography | 0 | 5 | 1 | 2 | 45 | 79 | 114.80 | 1 | 5 | 0.00 | 0.00 |
| Current Events | 2 | 1 | 0 | 1 | 40 | 41 | 76.00 | 2 | 3 | 0.00 | 0.00 |
| Other Academic | 1 | 2 | 0 | 0 | 35 | 65 | 101.33 | 2 | 3 | 0.00 | 0.00 |
| History - American | 0 | 4 | 1 | 1 | 35 | 86 | 105.75 | 1 | 4 | 0.00 | 0.00 |
| Religion | 0 | 3 | 0 | 0 | 30 | 121 | 127.00 | 0 | 3 | 0.00 | 0.00 |
| Fine Arts - Auditory | 0 | 3 | 0 | 0 | 30 | 142 | 149.67 | 0 | 3 | 0.00 | 0.00 |
| Philosophy | 1 | 1 | 0 | 1 | 25 | 50 | 71.00 | 1 | 2 | 0.00 | 0.00 |
| Literature - World | 1 | 1 | 0 | 0 | 25 | 69 | 102.50 | 1 | 2 | 0.00 | 0.00 |
| Fine Arts - Visual | 0 | 3 | 1 | 0 | 25 | 75 | 100.33 | 1 | 3 | 0.00 | 0.00 |
| Mythology | 0 | 2 | 0 | 0 | 20 | 128 | 130.00 | 2 | 2 | 0.00 | 0.00 |
| History - Ancient/Other | 0 | 2 | 1 | 0 | 15 | 128 | 138.00 | 1 | 2 | 0.00 | 0.00 |
| Fine Arts - Other | 0 | 2 | 1 | 0 | 15 | 91 | 113.00 | 1 | 2 | 0.00 | 0.00 |
| History - European | 1 | 1 | 2 | 1 | 15 | 49 | 92.50 | 2 | 2 | 0.00 | 0.00 |
| History - Ancient | 0 | 1 | 0 | 0 | 10 | 87 | 87.00 | 0 | 1 | 0.00 | 0.00 |
| Literature - British | 0 | 1 | 0 | 0 | 10 | 96 | 96.00 | 1 | 1 | 0.00 | 0.00 |